| 000 | 00000cas 2200000za 4500 |
| 001 | 9.502226 |
| 003 | CaOODSP |
| 005 | 20260112071433 |
| 007 | cr ||||||||||| |
| 008 | 150406c19979999oncar p o f0 b0fre|d |
| 022 | |a1487-0185 |
| 040 | |aCaOODSP|bfre |
| 043 | |an-cn--- |
| 086 | 1 |aF1-33F-PDF |
| 110 | 1 |aCanada. |bMinistère des finances. |
| 210 | 0 |aRapp. gest. dette |b(En ligne) |
| 222 | 0|aRapport sur la gestion de la dette |b(En ligne) |
| 240 | 10|aRapport sur la gestion de la dette (En ligne) |
| 245 | 10|aRapport sur la gestion de la dette |h[ressource électronique]. |
| 260 | |aOttawa : |bMinistère des finances Canada, |c[1998]- |
| 310 | |aAnnuel |
| 362 | 0 |a1997- |
| 500 | |aPubli. aussi en anglais sous le titre : Debt management report. |
| 692 | 07|2gccst|aGestion de la dette |
| 775 | 08|tDebt management report |w(CaOODSP)9.505821 |
| 780 | 00|tRapport sur les opérations d'emprunt |w(CaOODSP)9.503374 |